| 000 | 00887nam a22002414a 4500 | ||
|---|---|---|---|
| 005 | 2009071606196.0 | ||
| 008 | 081114s2009 ii a 000 0 eng | ||
| 010 | _aENG-94441 | ||
| 020 |
_a9788120336414 _c295.00 |
||
| 035 | _aEN-77975 | ||
| 037 | _bDBAD / PUB | ||
| 040 |
_adpl _bEnglish |
||
| 082 | _a639.8 | ||
| 100 | _aJadhav, Ujwala | ||
| 245 |
_aAquaculture technology and environment / _cby Ujwala Jadhav |
||
| 260 |
_aNew Delhi _bPHI Learning _c2009 |
||
| 270 |
_aM-97, Connaught Circus _bNew Delhi _e110001 |
||
| 300 |
_axx, 334p.: _c25cm(pbk) _bill. |
||
| 500 | _aIncludes bibliographical references and index | ||
| 650 | _aAquaculture | ||
| 942 |
_2ddc _cEN _mJAD _h639.8 |
||
| 999 |
_c28331 _d28331 |
||